00724 2200241 4500001002100000005001700021008004100038020001800079035002500097040001200122082001100134090002100145100002200166245012300188250001100311260003100322300002700353650003000380700002100410700001800431850001200449999002100461YOGYA-0912000000003020141218083833.0 ind  a979-18535-6-8 a0010-091200000000030 aYOPDYOG a819.21 aDEP 819.21 Bar W aBARDIKARI JATMIKO aWangsitb: Kedung Suwung Kali Suwing Kumpulan Geguritanc/ Bardikari Jatmiko ; editor, Banuarli Ambardi, Tedi Kusyairi aCet. 1 aYogyakartabElmaterac2012 a83 hlm.bilus.c19 cm. aKesusastraan Jawa - Puisi aBanuarli Ambardi aTedi Kusyairi aYOPDYOG aCB-D.11-2012-701